Normal view
MARC view
- A Salak, M. Selecka, H. Danninger
Entry Personal Name
001 - CONTROL NUMBER
- control field: 127730
003 - CONTROL NUMBER IDENTIFIER
- control field: NUST
005 - DATE AND TIME OF LATEST TRANSACTION
- control field: 20250128104328.0
008 - FIXED-LENGTH DATA ELEMENTS
- fixed length control field: 250128|| aca||aabn | a|a d
040 ## - CATALOGING SOURCE
- Original cataloging agency: NUST
- Transcribing agency: NUST
100 ## - HEADING--PERSONAL NAME
- Personal name: A Salak, M. Selecka, H. Danninger
670 ## - SOURCE DATA FOUND
- Source citation: Work cat.: (NUST)564770: A Salak, M. Selecka, H. Danninger, Machinability of Powder Metallurgy Steels /, 2008
